Adèle - Paroles Set Fire to the Rain - Statistiques

Statistiques générales
  • Ce quiz a été pris 202 fois
  • Le résultat moyen est 258 sur 340
Statistiques - réponses
Hint Réponse % Correct
Couplet 1 | Refrain I
98%
fire
96%
the
96%
The
96%
to
96%
To
96%
a
95%
rain
94%
set
93%
you
92%
You
92%
it
90%
It
90%
my
90%
My
90%
And
87%
and
87%
But
85%
heart
85%
burn
84%
your
84%
Your
84%
let
83%
Let
83%
Outro Oh,
82%
oh,
82%
fall,
81%
there
81%
Couplet 2 When
81%
when
81%
was
80%
All
79%
in
79%
knew,
79%
knew
79%
never
79%
That
79%
that
79%
me
77%
always
76%
over
76%
play
76%
say
76%
things
76%
true,
76%
true
76%
were
76%
we're
76%
win,
76%
win
76%
games
75%
for
74%
there's
74%
as
73%
face
73%
side
73%
they
73%
They
73%
no
70%
be
69%
dark
69%
time,
69%
time
69%
Until
69%
Watched
69%
lips
68%
touched
68%
would
68%
you'd
68%
far
67%
knees
66%
last
66%
with
66%
arms
65%
'Cause
65%
fell,
65%
is
65%
kissed
65%
too
65%
hands,
64%
name
63%
saved
63%
weak
63%
nothing
62%
better
61%
claim
60%
stay
60%
strong
60%
forever
59%
burned
56%
could
56%
cried
55%
eyes
55%
falling
55%
feet
55%
together,
55%
Bridge Sometimes
54%
stand
54%
door
53%
heard
53%
pour
52%
Without
52%
already
51%
by
51%
flames
51%
screaming
51%
up
51%
wake
51%
can't
50%
Close
50%
Even
50%
into
50%
out
50%
lay
47%
waiting
47%
Well,
47%
myself
45%
us
45%
while
45%
looking
44%
here
42%
now,
42%
must
41%
something
41%
died
39%
Feel
39%
help
39%
rose
38%
threw
35%
from
34%
caught
26%
Aucun quiz correspondant
Distribution des résultats
% des personnes avec chaque résultat
Percentile par nombre de réponses
Votre historique - résultats
Vous n’avez pas pris ce quiz